| 000 | 00662nam a22002052 4500 | ||
|---|---|---|---|
| 001 | 0000011724 | ||
| 005 | 20151217152100.0 | ||
| 008 | 090106s xx 000 0 eng d | ||
| 040 |
_aKABU _cKABU |
||
| 100 | 1 |
_aNotestein, Wallace. _@0000167714 |
|
| 245 | 1 | 4 |
_aThe English people on the eve of colonization 1603-1630 / _cWallace Notestein. |
| 250 | _a1st ed. | ||
| 260 |
_aNew York : _bHarper & Row, _c1962. |
||
| 300 | _axv, 302 p. | ||
| 651 | 0 |
_aGreat Britain _xHistory _y1603-1649. _@0000167715 |
|
| 651 | 0 |
_aEngland _xCivilization _y17th century. _@0000148862 |
|
| 852 | 1 | _9p300 KES | |
| 908 | _a090106 | ||
| 950 | _@1 | ||
| 999 |
_c8044 _d8044 |
||